Nová inštitucionálna ekonomická teória a jej význam pre zahraničný obchod bakalárska práca

Uložené v:
Podrobná bibliografia
Hlavný autor: Kovaľová, Patrícia
Korporativný autor: Obchodná fakulta EU. Katedra medzinárodného obchodu
Ďalší autori: Steinhauser, Dušan, 1988-
Médium: Kniha
Jazyk:Slovak
Vydavateľské údaje: Bratislava 2016
Tagy: Pridať tag
Žiadne tagy, Buďte prvý, kto otaguje tento záznam!

MARC

LEADER 00000nbm a2200000 4500
001 0218744
005 20170123111118.9
041 0 |a slo 
044 |a SK 
245 1 0 |a Nová inštitucionálna ekonomická teória a jej význam pre zahraničný obchod  |b bakalárska práca  |c Patrícia Kovaľová ; školiteľ: Dušan Steinhauser 
264 1 |a Bratislava  |c 2016 
300 |a 53 s. 
100 1 |a Kovaľová, Patrícia 
700 1 |a Steinhauser, Dušan, 1988- 
710 2 |a Obchodná fakulta EU. Katedra medzinárodného obchodu